header

Ageing and spirituality across faiths and cultures (Record no. 247156)

MARC details
000 -LEADER
fixed length control field 01350nam a2200337Ia 4500
082 04 - DEWEY DECIMAL CLASSIFICATION NUMBER
Classification number 201/.762609
245 00 - TITLE STATEMENT
Title Ageing and spirituality across faiths and cultures
260 ## - PUBLICATION, DISTRIBUTION, ETC. (IMPRINT)
Place of publication London ;
-- Philadelphia :
Name of publisher Jessica Kingsley Publishers,
Year of publication 2010.
300 ## - PHYSICAL DESCRIPTION
Number of Pages 272p.
650 #0 - SUBJECT ADDED ENTRY--TOPICAL TERM
Topical Term Aging
Topical Term Older people
Topical Term Older people
Topical Term Older people
700 1# - ADDED ENTRY--PERSONAL NAME
Personal name MacKinlay, Elizabeth,
856 40 - ELECTRONIC LOCATION AND ACCESS
Uniform Resource Identifier http://site.ebrary.com/lib/rucke/Doc?id=10446976

No items available.

© 2026 Rongo University
Contact us: librarian | system librarian | Rongo university